[Event "United Insurance 4th"]
[Site "Dhaka"]
[Date "1999.02.26"]
[Round "8"]
[White "Rahman, Ziaur"]
[Black "Hossain, Enamul"]
[Result "1/2-1/2"]
[WhiteElo "2498"]
[BlackElo "2310"]
[Annotator "Ribli,Z"]
[PlyCount "84"]
[EventDate "1999.02.19"]
[EventType "tourn"]
[EventRounds "13"]
[EventCountry "BAN"]
[EventCategory "10"]
[SourceTitle "CBM 070"]
[Source "ChessBase"]
[SourceDate "1999.06.08"]
[SourceVersion "1"]
[SourceVersionDate "1999.06.08"]
[SourceQuality "1"]

{[%mdl 12]} 1. c4 Nf6 2. Nf3 c5 3. d4 {Wir haben dieselbe Stellung nach 1.d4
Nf6 2.c4 c5 (Schwarz möchte Wolga-Gambit oder Benoni-Verteidigung spielen) 3.
Nf3. Ich glaube, 3.g3 oder 3.Nc3 bietet Weiß mehr Hoffnungen auf
Eröffnungsvorteil. Ribli.} cxd4 4. Nxd4 e6 5. g3 Qb6 {Mit diesem aggressiven
Zug plant Schwarz, die weiße Entwicklung mit ...Bc5 zu stören.} 6. Bg2 Bc5 7.
e3 Nc6 8. Nc3 {Das ist die prinzipielle Fortsetzung. Weiß opfert einen Bauern,
bekommt Entwicklungsvorsprung und aktives Figurenspiel.} (8. Nb3 Bb4+ (8... Be7
) 9. Bd2 Ne5 10. Qe2 d5 11. cxd5 exd5 12. O-O Bg4 13. f3 Bd7 $11 {[%csl Rd5,
Rg2] Schwarz hat den isolierten Bauern auf d5, aber der weiße Läufer g2 ist
eingeschlossen.}) (8. O-O Nxd4 9. exd4 Bxd4 10. Nc3 {Zugumstellung zur
Partiefortsetzung.}) 8... Nxd4 9. exd4 Bxd4 10. O-O {[%csl Rd4]} e5 (10... O-O
$6 {Es ist verständlich, daß Schwarz die Entwicklung beenden möchte, aber der
Läufer d4 steht schlecht.} 11. Na4 Qd6 12. Bf4 $1 e5 13. Be3 $44 Qb4 14. Bxd4
exd4 15. b3 (15. Rc1 $5) 15... d5 16. a3 Qa5 17. cxd5 Nxd5 18. Qxd4 $14 {
1-0 Bricard,E-Olafsson,H/Reykjavik 1993/CBM 35/[Ribli] (52)}) (10... Bxc3 11.
bxc3 O-O 12. Ba3 $44 {[%csl Ga3] Weiß hat spürbare Initiative. Die schwarzen
Felder im Lager des Nachziehenden sind sehr schwach.}) 11. Nb5 (11. Qc2 O-O 12.
Rb1 (12. Bg5 d5 13. Bxf6 Qxf6 14. Nxd5 Qd8 15. Rad1 Be6 16. b3 Rc8 17. Qd2 Re8
{1/2-1/2 Wells,P-Emms,J/Bad Woerishofen 1996/EXT 97 (17)}) 12... h6 13. b3 (13.
Nb5 $5) 13... Rd8 (13... d6 14. Nb5 Bc5 15. b4) 14. Ba3 d6 $8 15. Nb5 Bc5 $8
16. b4 Bd4 17. Rfd1 Bg4 18. Rd2 d5 $1 {0-1 Manor,I-Psakhis,L/West Berlin 1988/
Inf 46/[Psakhis,L] (49)}) 11... O-O (11... Bc5 12. Bg5 $44) 12. a4 $5 $146 {
Mit diesem interessanten Zug erkämpft Weiß die Initiative am Damenflügel. In
einigen Varianten kann er a4-a5 ziehen. Die Alternative, das sofortige Nehmen
auf d4, bietet nichts besonderes.} (12. Nxd4 exd4 13. b3 (13. Qd3 d5 14. cxd5
Bg4 15. h3 Bd7 16. Rd1 Rfe8 17. Bg5 Bb5 18. Qb3 Ne4 19. Bxe4 Rxe4 20. a4 Be2
21. Qxb6 axb6 22. Rd2 d3 {0-1 Raetsky,A-Tunik,G/Podolsk 1992/EXT 97 (38)})
13... d5 14. Ba3 (14. Bb2 dxc4 15. Bxd4 Qa6 16. Bxf6 Qxf6 17. bxc4 Rb8 18. c5
Rd8 19. Qa4 Bd7 20. Qxa7 Bc6 {0-1 Petursson,M-Nogueiras,J/Saint John 1988/EXT
97 (52)}) 14... Re8 15. c5 Qa5 16. Bb2 Qxc5 17. Bxd4 Qd6 18. Bxf6 Qxf6 19. Qxd5
Qe7 20. Rac1 Rb8 21. Qc5 b6 22. Qxe7 Rxe7 23. Rfd1 {1/2-1/2 Haba,P-Sax,G/
BL9293 1993/GER-chT (23)}) 12... Bc5 (12... Re8 $5) 13. Qe1 {Ein vielseitiger
Zug. Jetzt hängt e5 und Weiß kann auch b2-b4 mit großem Raumvorteil ziehen.} (
13. a5 Qd8 14. a6 Rb8) 13... a5 $6 {Mit dieser Fortsetzung verhindert Schwarz
den Zug b2-b4, aber der weiße Springer steht langfristig stark auf b5.} (13...
a6 $5 14. a5 Qd8 15. Nc3 $44 {[%cal Gc1g5,Gg5d8]}) 14. Qxe5 d6 15. Qf4 $14 {
Weiß hat einen starken Springer auf b5, sowie die bessere Bauernstruktur.} Bd7
16. Bd2 $5 {[%cal Gd2c3,Gc3h8] Der schwarzfeldrige Läufer will auf die lange
Diagonale und gleichzeitig den Bauern a5 im Auge behalten.} (16. b3 {[%cal
Gc1b2,Gb2h8]}) 16... Bxb5 {Schwarz tauscht den starken weißen Springer, aber
jetzt wird das weiße Läuferpaar bedeutend.} 17. axb5 {[%csl Ra5,Gg2][%cal
Gg2a8,Gd2a5]} (17. cxb5 $6 d5 $11) 17... d5 {Schwarz gibt auf seinen schwachen
Bauern auf d6 und bekommt dafür den weißen auf b5. Später wird allerdings der
weiße d-Bauer für Schwarz sehr unangenehm.} (17... Nd7 18. Bc3 Ne5 19. Bd5 $16)
(17... Bb4 18. Rfd1 $16) 18. cxd5 Qxb5 19. Bc3 {[%csl Gc3,Gd5,Gg2]} Qb6 20. Ra4
{[%csl Ra5][%cal Rf1a1,Ra1a5] Weiß drückt gegen den schwachen schwarzen
a-Bauern.} Qd8 21. Qf5 $1 {Weiß schafft jetzt auch Drohungen am Königsflügel,
nämlich 22.Rh4 mit deutlichem Angriff.} Ra6 (21... b5 22. Rh4 {[%csl Gc3,Gf5,
Rg8,Gh4]} h6 23. d6 {[%cal Rf5c5,Rg2a8]} Rc8 24. Rxh6 $1 $18 {[%csl Rg8]}) 22.
Rfa1 {[%csl Ra5]} (22. Rh4 g6 $14) 22... Bb4 $8 {Schwarz hat nichts besseres
als den Bauern zu geben, ansonsten hätte Weiß entscheidenden Angriff.} (22...
b6 {[%csl Ra6]} 23. Rh4 $18) 23. Bxb4 axb4 24. Rxa6 bxa6 25. Rxa6 $16 {[%csl
Gd5] Weiß besitzt einen gesunden Mehrbauern. Es ist allerdings wahr, daß sein
Läufer g2 nicht mehr so stark wie früher ist. Mit präzisem Spiel sollte Weiß
über gute Gewinnchancen verfügen.} Qc7 {[%cal Rc7c1,Rc1g1,Rc1b2]} 26. Rc6 Qa5 {
[%cal Ra5a1,Ra1b2,Ra1g1]} 27. Rc8 Qa6 (27... Qa1+ 28. Bf1 Qxb2 29. Rxf8+ Kxf8
30. Qc8+ Ke7 (30... Ne8 31. d6 $18) 31. Qc5+ Kd8 32. d6 Qc3 33. Qb6+ Kc8 34.
Ba6+ Kd7 35. Bb5+ $18) 28. Rc1 (28. Rxf8+ Kxf8 29. Qe5 $16) 28... h6 29. Bf3
Qa2 30. d6 (30. Qe5 $5 Re8 31. Qd4 $16) 30... Qxb2 31. Rc8 Qa1+ 32. Kg2 Qa6 33.
Rxf8+ (33. d7 $5 Nxd7 34. Rc6 {[%cal Rc6a6,Rf5d7]} (34. Rxf8+ $2 Nxf8 $17)
34... Qa7 35. Be4 {[%csl Rg8][%cal Re4h7]} Rb8 36. Qh7+ Kf8 37. Qh8+ Ke7 38.
Qxg7 $40) 33... Kxf8 34. Qc5 {[%cal Gc5f8,Rd6d7,Rc5b4]} Kg8 35. Qxb4 Qc8 36.
Qb6 $2 (36. h3 $5 $16 {[%cal Gf3g4,Gg4c8]}) (36. Qe1 $5 $16 {[%csl Gd6,Ge1,Gf3]
[%cal Ge1e7]}) 36... Ne8 $1 $14 {Schwarz droht 37...Qd7 oder 37...Qe6 zu
spielen. Der ehemals starke weiße d-Bauer ist kaum zu halten.} 37. Be2 Qe6 {
[%csl Rd6,Re2]} 38. Qd8 Qxe2 39. d7 {Weiß scheint auf Gewinn zu stehen, aber
die aktive schwarze Dame rettet die Partie.} Qe4+ $11 40. f3 (40. Kh3 Qf5+ 41.
Kg2 $11 (41. Kh4 $2 g5+ $19)) (40. Kf1 Qd3+ (40... Qh1+ $11) 41. Kg1 Qb1+ 42.
Kg2 Qe4+ $11) 40... Qc2+ 41. Kh3 Qf5+ 42. Kg2 (42. g4 $4 Qxf3+ 43. Kh4 g5+ $19)
42... Qc2+ {Und Remis wegen Dauerschach.} 1/2-1/2

[Event "Bundesliga 0405"]
[Site "Germany"]
[Date "2004.12.11"]
[Round "5.1"]
[White "Gustafsson, Jan"]
[Black "Hracek, Zbynek"]
[Result "1-0"]
[WhiteElo "2603"]
[BlackElo "2595"]
[Annotator "Ribli,Z"]
[PlyCount "77"]
[EventDate "2004.11.12"]
[EventType "team-tourn"]
[EventRounds "15"]
[EventCountry "GER"]
[SourceTitle "CBM 105"]
[Source "ChessBase"]
[SourceDate "2005.04.11"]
[SourceVersion "1"]
[SourceVersionDate "2005.04.11"]
[SourceQuality "1"]
[WhiteTeam "Hamburger SK"]
[BlackTeam "Werder Bremen"]
[WhiteTeamCountry "GER"]
[BlackTeamCountry "GER"]

1. d4 {Ftacnik} Nf6 2. c4 e6 3. g3 c5 4. Nf3 cxd4 5. Nxd4 Qc7 6. Nc3 a6 (6...
Qxc4 $2 7. e4 Qb4 8. a3 (8. Bg2 $5 {[%cal Rd4b5,Re4e5]}) 8... Qb6 9. Be3 $16) (
6... b6 $2 7. e4 Bb7 (7... Bb4 8. Bf4 $16) 8. Ndb5 $16) 7. Bg2 Qxc4 (7... Nc6
8. O-O Be7 9. b3 O-O 10. Bb2 d6 11. Rc1 Nxd4 (11... Bd7 12. Nd5 $1 $16 {
[%cal Gc1c7]}) 12. Qxd4 Bd7 13. Rfd1 $14) 8. O-O Qc7 {Die Dame geht so schnell
wie möglich weg von c4.} (8... Nc6 9. Nb3 d5 10. Bf4 Qb4 (10... Be7 11. a3 $1 {
[%csl Rc4]}) 11. Re1 $5 Be7 12. e4 dxe4 (12... d4 13. Nd5 $1 exd5 14. exd5 Nxd5
15. Bxd5 O-O $2 16. a3 $18) 13. Bc7 $1 $44) 9. e4 d6 (9... Nc6 10. Be3 d6 (
10... Be7 11. Rc1 O-O 12. Na4 $5 d6 13. Nb6 Rb8 14. b4 Qxb6 15. Nxc6 Qxc6 16.
Rxc6 bxc6 17. a3 Nd7 18. Qa4 {1-0 Berezin,O-Gladyszev,O/Alushta 1999/EXT 2001 
(60)}) 11. Rc1 Qa5 12. Re1 Nxd4 13. Bxd4 e5 14. Nd5 Nxd5 15. exd5 Be7 16. Bxe5
dxe5 17. d6 Bf6 18. Rxc8+ {1/2-1/2 Lesiege,A-Hua Lefong/Montreal 2003/CBM 98
ext (18)}) 10. Be3 Be7 11. Rc1 Qd8 12. f4 O-O (12... Nbd7 13. f5 e5 14. Nb3 h6
15. Nd2 b5 16. b4 Nb6 17. Kh1 Bd7 18. Bxb6 Qxb6 19. Nb3 O-O {0-1 Khechumyan,
G-Anka,E/Budapest 1999/EXT 2002 (37)}) 13. e5 $5 {[%mdl 4] '!' Ftacnik.
Ftacnik: 'It seems logical to open up the position before black can start to
neutralize white's development advantage.' Weiß verliert keine Zeit, er
beginnt sofort mit Aktivität im Zentrum.} (13. g4 Nc6 14. g5 Nd7 15. Kh1 (15.
Nde2 $5 Nc5 (15... e5 $5 16. h4 exf4 17. Nxf4 Nde5 18. Ncd5 Be6) 16. Ng3 Re8 $2
(16... e5) 17. Rc2 $5 $44 {1-0 Yermolinsky,A-Sagalchik,G/New York (open) 1995/
Inf 63/[Yermolinsky,A] (59)}) 15... Nxd4 16. Bxd4 e5 17. Bg1 exf4 18. Nd5 Bxg5
$15 {[%csl Gd5]} 19. Rc3 {[%cal Gc3h3]} Nf6 20. Bb6 Nxd5 $1 21. Bxd8 Nxc3 22.
bxc3 Rxd8 $17 {0-1 Lautier,J-Leko,P/Dubai 2002/CB15/[Ribli Zoltan] (87)}) 13...
Ne8 (13... dxe5 14. fxe5 Nfd7 (14... Nd5 15. Nxd5 exd5 16. Nf5 $44) 15. Rxf7 $1
(15. Na4 $13 {'!?' Ftacnik.} Bg5 {Ftacnik} (15... Nxe5 {Ftacnik} 16. Rxc8 Qxc8
17. Nb6 $16) 16. Bf4 Bxf4 17. gxf4 Ra7 18. Nc3 b6 $13) (15. Qh5 {Ftacnik} g6
16. Qe2 Nxe5 17. Ne4 Nbd7 $13) 15... Rxf7 16. Nxe6 Qa5 17. Nd5 Nc6 18. Nec7
Ndxe5 19. Nxa8 Bg4 20. Nxe7+ Nxe7 21. Qb3 $36) 14. Qb3 Nd7 {'?!' Ftacnik.} (
14... dxe5 {Ftacnik} 15. fxe5 Nd7 16. Nf3 $14) 15. Nxe6 $1 {[%mdl 512] Ftacnik:
'Hracek became a victim of a small bomb prepared by Peter Heine Nielsen.
Gustafsson worked with the Danish GM and got the chance to use the secret
weapon as first.'  Weiß opfert die Figur für zwei Bauern und für eine große
Initiative.} fxe6 16. Qxe6+ Rf7 (16... Kh8 17. Nd5 {[%csl Re7]} Bh4 18. Qh3 $5
(18. gxh4 Nxe5 19. Qe7 $16) 18... Be7 (18... Nxe5 19. fxe5 $18) 19. Be4 h6 20.
Qe6 $18) 17. Qb3 $40 {[%csl Rf7,Rg8][%cal Rb3g8,Re5e6,Re6d7,Re6f7] Weiß hat
nur einen Bauern für die Figur, aber droht 18.e6 und alle schwarze Figuren
stehen schrecklich passiv.} (17. Bd5 $2 Nxe5 {[%csl Re6][%cal Rc8e6]} 18. fxe5
Bxe6 19. Bxe6 Nf6 20. exf6 Bxf6 21. Nd5 Kf8 22. Bxf7 Kxf7 23. Bd4 $15) 17...
Nc7 (17... dxe5 18. Bd5 Nd6 19. fxe5 Nxe5 20. Bd4 $16 Kh8 {Ftacnik} 21. Bxe5
Rxf1+ (21... Rf5 22. Rxf5 Bxf5 23. Rf1 $14) 22. Rxf1 Bh3 23. Rd1 $14) 18. e6 {
Das ist eine einfache und gute Lösung - Weiß gewinnt die Figur zurück.} (18.
Nd5 Ne6 19. Nxe7+ Qxe7 20. Bd5 Ndf8 21. exd6 Qxd6 22. f5 $16) 18... Nxe6 19.
Qxe6 $16 {[%csl Yd5][%cal Gc3d5,Gg2d5] Weiß hat schon das materielle
Gleichgewicht und seine Stellung ist sehr aktiv. Er kontrolliert das
Schlüsselfeld-d5.} Nc5 20. Qc4 {Ftacnik: 'The material is equal now, but black
is positionally bancrupt.'} Be6 (20... b5 21. Qe2 Bb7 22. Bxb7 (22. Nd5 $16 {
Ftacnik}) 22... Nxb7 23. Nd5 $16 {[%csl Gd5]}) 21. Qe2 (21. Nd5 {Ftacnik} Rc8
22. f5 b5 23. fxe6 bxc4 24. exf7+ Kf8 25. Rce1 $18) 21... Qd7 (21... Qc8 {
Ftacnik} 22. Nd5 Bg4 23. Qc4 $16) 22. Bxc5 dxc5 (22... Bg4 23. Qd3 dxc5 24.
Qxd7 Bxd7 25. Bxb7 Rb8 26. Bd5 $18 {[%cal Rd5g8]}) 23. Rcd1 Qc8 24. f5 $1 {
Ftacnik: 'This is the end of preparation, black will lose the exchange and any
chance to build up resistance.'} Bxf5 25. Bd5 {[%csl Rf7][%cal Rd5g8]} Bf6 26.
Bxf7+ Kxf7 27. Qh5+ (27. Nd5 $18) 27... Bg6 (27... g6 28. Qxh7+ Kf8 29. g4 $18)
28. Qd5+ Kf8 29. Na4 {[%csl Rc5][%cal Ra4b6,Rb6a8,Rb6c8,Ra4c5]} Qc6 (29... Bf7
{Ftacnik} 30. Qd6+ Kg8 31. Nb6 Qf8 32. Rxf6 gxf6 33. Nxa8 $18) 30. Qxc6 bxc6
31. Nb6 Re8 32. Nd7+ Kf7 33. Nxf6 gxf6 34. Rd6 $18 Re2 35. Rdxf6+ Ke7 36. R6f2
Re3 37. Rc1 Be4 38. Rd2 Bd5 39. Rxc5 1-0

[Event "USA-ch"]
[Site "Modesto"]
[Date "1995.??.??"]
[Round "12"]
[White "Orlov, Georgi"]
[Black "De Firmian, Nick E"]
[Result "0-1"]
[WhiteElo "2465"]
[BlackElo "2605"]
[Annotator "Ribli,Z"]
[PlyCount "50"]
[EventDate "1995.11.??"]
[EventType "tourn"]
[EventRounds "13"]
[EventCountry "USA"]
[EventCategory "12"]
[SourceTitle "CBM 051"]
[Source "ChessBase"]
[SourceDate "1996.04.01"]
[SourceVersion "1"]
[SourceVersionDate "1996.04.01"]
[SourceQuality "1"]

1. d4 {Ftacnik} Nf6 2. c4 e6 3. g3 c5 4. Nf3 cxd4 5. Nxd4 Nc6 6. Bg2 (6. Nc3 $5
{-A33-}) 6... Qb6 7. Nc2 (7. Nb3 a5 8. O-O a4 9. N3d2 h5 10. Nc3 h4 11. Nde4
Nxe4 12. Nxe4 hxg3 13. hxg3 Ra5 $40 {Osmanbegovic,S-Vargic,D/EUCup Gr4/1994/
CBM43/}) 7... d5 (7... Be7 8. Nc3 O-O 9. O-O d6 10. b3 a6 11. e4 Qc7 12. Bb2
Rb8 13. Rc1 Qa5 14. a3 b5 15. b4 Qb6 16. cxb5 axb5 17. Ne3 Ba6 18. Ncd5 {
1-0 Hamdouchi,H-David,A/Casablanca (08)/1994/}) 8. Nba3 $6 $146 {Diese
Neuerung gefaellt mir nicht; Der Springer am Rand steht nur selten gut.
Ftacnik: Tarrasch was a great enemy of such moves, the N will be missplaced
for quite a while there.} (8. O-O $5 dxc4 (8... Be7 9. cxd5 exd5 10. Nc3 Be6
11. b3 O-O 12. Na4 Qa5 13. Bb2 Ne4 14. Nd4 Nxd4 15. Bxd4 Rac8 16. Qd3 Rfd8 17.
Rac1 b5 18. Nc3 Nxc3 19. Rxc3 Rxc3 20. Bxc3 Qxa2 21. Bd4 Qa5 22. f4 g6 23. Qe3
Qc7 {Hoelzl,F-Fauland,A/AUT-ch (01)/1989/0-1 (60)}) 9. Nca3 Qa6 10. b3 Be7 11.
bxc4 O-O 12. Nb5 $14 {Alburt,L-de Firmian,N/1985/New York/INF39,68/} (12. Nb5 {
Ftacnik} Qa5 13. Bd2 Qd8 14. Bf4 e5 15. Bg5 Bg4 16. Nd2 Rc8 17. h3 Be6 18. Qa4
Qd7 19. Kh2 Ng4+ 20. hxg4 Bxg5 21. Ne4 Be7 22. Rfd1 {0-1 Alburt,L-de Firmian,N/
New York/1985 (52)})) (8. cxd5 $5) (8. cxd5 {Ftacnik} Nxd5 9. O-O Be7 10. e4
Ndb4 11. Nxb4 Qxb4 12. Nc3 O-O 13. a3 Qb6 14. Rb1 Rd8 {Kaidanov,G-De Firmian,N/
Lexington/1995/}) 8... Bc5 9. O-O O-O 10. cxd5 exd5 11. Ne3 Be6 $1 12. Qd3 {
Der Bauer d5 ist natuerlich " vergiftet".'} (12. Nxd5 $2 Bxd5 13. Bxd5 Rad8 14.
e4 Nxe4 $19 (14... Bxf2+ {Ftacnik} 15. Kg2 Nxe4 $17)) 12... Rfd8 {Unglaublich
aber wahr: Nach 12 Zuege ist die weisse Stellung unbequem. Man kann jetzt
ueber den a3-Springer sagen: "eine Schande".} 13. h3 (13. Nac2 Ne5 {/\ d4 -/+})
(13. Qb5 {Ftacnik} Qxb5 14. Nxb5 d4 15. Nc2 Bc4 $17) 13... Rac8 14. Kh2 a6 15.
f4 $2 {In einer unbequemen Stellung verliert Weiss die Geduld und strebt eine
gewaltsame Loesung an, die fuer den Anziehenden wegen dessen schlechter
Entwicklung unguenstig enden. Ftacnik: Activity goes against the logic of this
position, white needs more coordination for his pieces.} Nb4 16. Qb3 $8 Bxe3 $1
(16... d4 17. Nec4 Qa7 18. f5 Bd5 $15) 17. Qxe3 (17. Bxe3 $2 {Ftacnik} d4 $19)
17... d4 18. Qf2 (18. Qd2 Bxa2 $17) 18... Nc2 $1 (18... Nxa2 $17 {Ftacnik}) 19.
Nxc2 Rxc2 {>< e2} 20. Rd1 $2 {Dieser Tempoverlust verkuerzt die Partie.} (20.
Bf3 $5) 20... Bc4 21. Bf3 Re8 22. Re1 {Ftacnik: It became clear, that
something is badly wrong. All black pieces are aiming against the e2P.} (22.
Qxd4 {[#]} Rexe2+ $1 23. Bxe2 (23. Kg1 Re1+ 24. Rxe1 Qxd4+ $19) 23... Rxe2+ 24.
Kg1 Qc6 (24... Re1+ {Ftacnik} 25. Rxe1 (25. Kf2 Rf1+) (25. Kh2 Ng4+ $1) 25...
Qxd4+ $19) 25. Qd8+ Ne8 $19) 22... Bxe2 $1 23. b3 (23. Bxe2 Qe6 $19) (23. Rxe2
{Ftacnik} Rexe2 24. Bxe2 Qe6 $19) 23... Qb5 24. Bb2 $2 Ne4 (24... Rxb2 $19) (
24... Bd3 $19) 25. Qxd4 (25. Bxe4 Rxe4 26. Bxd4 Bd3 $19) 25... Bxf3+ {Ribli}
0-1

[Event "RUS-Cup03 Geller Memorial"]
[Site "Moscow"]
[Date "1999.02.09"]
[Round "8"]
[White "Polovodin, Igor A"]
[Black "Poluljahov, Aleksandr"]
[Result "1/2-1/2"]
[WhiteElo "2468"]
[BlackElo "2566"]
[Annotator "Ribli,Z"]
[PlyCount "44"]
[EventDate "1999.02.10"]
[EventType "swiss"]
[EventRounds "9"]
[EventCountry "RUS"]
[SourceTitle "CBM 070"]
[Source "ChessBase"]
[SourceDate "1999.06.08"]
[SourceVersion "1"]
[SourceVersionDate "1999.06.08"]
[SourceQuality "1"]

{[%mdl 2048]} 1. d4 {Ribli} Nf6 2. Nf3 e6 3. c4 c5 4. g3 {Statt dieser
Fortsetzung wäre die prinzipielle Antwort 4.d5.} cxd4 5. Nxd4 Qb6 {Die
Alternativen 5...Bb4, 5...d5 oder 5...Nc6 sind auch gut spielbar für Schwarz.}
6. Bg2 (6. Nc3 Bc5 7. e3 Nc6 8. Nb3 Bb4 9. Bd2 Ne5 10. Qe2 O-O 11. f4 Ng6 12.
e4 d5 13. cxd5 exd5 14. e5 Bg4 15. Qb5 Bxc3 16. bxc3 Ne4 17. Nd4 Rfc8 18. Qb3
Ne7 19. Bd3 Nf5 {0-1 Granda Zuniga,J-Suba,M/Zaragoza 1995/EXT 97 (29)}) 6...
Bc5 7. e3 Nc6 8. Ne2 {Meines Erachtens ist die prinzipielle Fortsetzung für
Weiß das Bauernopfer 8.0-0. Nach der Partiefortsetzung kann Schwarz das Spiel
ausgleichen.} (8. Nxc6 dxc6 9. O-O e5 10. Nc3 Qc7 11. Qc2 O-O 12. b3 Be6 13.
Bb2 Rad8 $11 {1-0 J. Piket-Topalow/Wijk aan Zee, SW 1998 (40)}) (8. Nc2 d5 9.
O-O O-O 10. Qe2 Qa6 11. Nd2 e5 12. a3 dxc4 13. Qxc4 Qxc4 14. Nxc4 Be6 15. b3
Bf5 16. Ra2 Rfe8 17. Re1 Bd3 18. Na1 e4 {0-1 Winkler,T-Brodsky,M/Porz 1993/EXT
99 (29)}) 8... Ne5 9. b3 d5 10. cxd5 Bb4+ (10... exd5 11. Nbc3 Bg4 12. O-O O-O
13. Na4 Qb5 14. f3 Be6 15. Nxc5 Qxc5 16. Nd4 Qc3 17. Bd2 Qd3 18. Re1 Rfc8 19.
Qe2 Qxe2 20. Rxe2 {1/2-1/2 Domkute,R-Litinskaya,M/Moscow 1990/TD (36)}) 11.
Nbc3 (11. Kf1 $5 {Der Königszug wirkt unnatürlich, aber später kann ihn Weiß
in der Partie nicht vermeiden.} Nxd5 (11... exd5 12. Bb2 $14) 12. Bb2 Bd6 $13)
11... Nxd5 $11 {Schwarz ist gut entwickelt.} 12. Bd2 {Weiß verliert die
Rochademöglichkeit, aber vermeidet das Opfer auf e3.} (12. Bb2 Nxe3 $5 13. fxe3
Qxe3 {[%csl Ge3,Re5][%cal Re5d3,Rd3b2,Rd3e1,Rd3f2]} 14. Qd4 Nd3+ 15. Kd1 Nf2+ (
15... Nxb2+ 16. Kc2 Qxd4 17. Nxd4 $16 {[%csl Rb2]}) 16. Kc2 Qxd4 17. Nxd4 Nxh1
18. Rxh1 $13) (12. Bxd5 $2 exd5 13. Qxd5 Qf6 $44 {[%csl Rf3] Die weißen Felder
sind schrecklich schwach.}) 12... Nd3+ 13. Kf1 O-O 14. Nxd5 (14. Bxd5 $2 exd5
15. Nxd5 Bh3+ 16. Kg1 Qc6 $40) 14... exd5 {Schwarz hat einen isolierten Bauern
auf d5, aber es wird Weiß zunächst viel Zeit kosten, seinen König in
Sicherheit zu bringen.} 15. Bxb4 (15. Bxd5 $2 Qf6 {[%csl Gf6][%cal Rf6f2,Yf6a1]
} 16. Nf4 Nxf4 17. Bxb4 (17. gxf4 Bxd2 $19) 17... Nxd5 $19) 15... Nxb4 16. Nd4
{[%csl Gd4] Der weiße König steht nicht besonders gut auf f1, aber der
Springer kontrolliert das Schlüsselfeld d4.} Nc6 17. h3 (17. Bf3 $6 Bh3+ 18.
Bg2 Be6) 17... Be6 18. Bf3 {[%cal Gf1g2]} (18. Nxe6 fxe6 $15 {[%cal Gf8f2]} 19.
Qe1) 18... Rac8 19. Kg2 Nxd4 20. exd4 (20. Qxd4 Qxd4 21. exd4 Rc2 22. Rhc1 Rfc8
$15) 20... Rc3 {[%csl Gc3]} 21. Re1 Rfc8 {[%cal Gc7c2] Schwarz hat gutes Spiel
in der c-Linie, aber Weiß hat keine Schwächen.} 22. Bg4 $1 Rc2 {Und hier wurde
die Partie in gleicher Stellung Remis gegeben.} 1/2-1/2